| 000 | 00581nam a2200217Ia 4500 | ||
|---|---|---|---|
| 005 | 20140311163140.0 | ||
| 008 | 140130s9999 xx 000 0 und d | ||
| 020 | _a9780439403771 | ||
| 050 |
_aPZ 10.3 _b.C4158Cu 2002 |
||
| 100 |
_aCherrington, Janelle. _931267 |
||
| 245 |
_cJanelle Cherrington. _aA cub can / |
||
| 260 |
_bScholastic Inc., _cc2002. _aUSA : |
||
| 300 |
_a11 p. : _bcol. ill. ; _c28 cm. |
||
| 440 |
_v1 _931174 |
||
| 521 | _aG1 | ||
| 526 | _cBR | ||
| 650 |
_aPolar bear _xJuvenile fiction. _931268 |
||
| 942 |
_cBK _2lcc |
||
| 999 |
_c41893 _d41893 |
||